000 00286nam a2200121Ia 4500
008 140130s9999 xx 000 0 und d
245 _cRiordan, Rick
_aTitan's curse, the
260 _bScholastic,
_c2007
440 _v1
521 _aGrade 3 - Grade 4
942 _cBK
999 _c40826
_d40826